Statistics for Movies about Viral Outbreaks

Click here to take the quiz!

General Stats

  • This quiz has been taken 290 times
  • The average score is 6 of 13

Answer Stats

Description, Director, Main CastFilm% Correct
Years after a plague kills most of humanity and transforms the rest into monsters, the sole survivor in New York City struggles to find a cure.
Francis Lawrence, Will Smith, A Dog
I Am Legend
82%
A former UN employee traverses the world in a race against time to stop a pandemic of swarming zombies.
Marc Forster, Brad Pitt, Mireille Enos
World War Z
76%
Four weeks after a mysterious virus spreads throughout the UK turning people into raging fast moving zombies, a handful of survivors try to find sanctuary.
Danny Boyle, Cillian Murphy, Naomie Harris
28 Days Later
68%
A substance designed to help the brain repair itself gives advanced intelligence to a chimpanzee, eventually spreading around the world...
Rupert Wyatt, James Franco, Andy Serkis
Rise of the Planet of the Apes
66%
A convict is sent back in time to gather information about the man-made virus that wiped out most of the human population.
Terry Gilliam, Bruce Willis, Brad Pitt
12 Monkeys
62%
A special military unit fights hundreds of scientists who have mutated into flesh-eating creatures after a laboratory accident. Adapted from a video game series.
Paul W.S. Anderson, Milla Jovovich, Michelle Rodriguez
Resident Evil
55%
Army doctors struggle to find a cure for a deadly virus spreading throughout a California town that was brought to America by an African monkey.
Wolfgang Peterson, Dustin Hoffman, Rene Russo
Outbreak
51%
Healthcare professionals, government officials and everyday people find themselves in the midst of a worldwide epidemic.
Steven Soderbergh, Matt Damon, Kate Winslet
Contagion
47%
Five college graduates rent a cabin in the woods and begin to fall victim to a horrifying flesh-eating virus.
Eli Roth, Jordan Ladd, Rider Strong
Cabin Fever
29%
After a bio-weapon turns thousands into zombie-like creatures, a machine gun-legged woman and other survivors must stop the infected and those behind its release.
Robert Rodriguez, Rose McGowan, Josh Brolin
Planet Terror
19%
A TV reporter and her cameraman are trapped inside a quaratined building, after the outbreak of a virus which turns humans into bloodthirsty killers.
John Erick Dowdle, Jennifer Carpenter, Steve Harris
Quarantine
19%
Scientists work in a secret laboratory to discover what has killed the citizens of a small town. Adapted from a Michael Crichton novel.
Robert Wise, James Olsen, Arthur Hill
The Andromeda Strain
11%
A city is ravaged by an epidemic of instant vision loss, causing its citizens to see only white and society to break down.
Fernando Meirelles, Julianne Moore, Mark Ruffalo
Blindness
9%

Score Distribution

Percentile by Number Answered

Percent of People with Each Score

Your Score History

You have not taken this quiz